रोटी की कीमत : (Record no. 115492)

MARC details
000 -LEADER
fixed length control field 01111nam a22002537a 4500
005 - DATE AND TIME OF LATEST TRANSACTION
control field 20170124103024.0
010 ## - LIBRARY OF CONGRESS CONTROL NUMBER
LC control number A-930269
020 ## - INTERNATIONAL STANDARD BOOK NUMBER
Terms of availability 125.00
035 ## - SYSTEM CONTROL NUMBER
System control number A-930269
037 ## - SOURCE OF ACQUISITION
Source of stock number/acquisition Cen Lib/Ret
040 ## - CATALOGING SOURCE
Original cataloging agency DPL
Language of cataloging HN
082 ## - DEWEY DECIMAL CLASSIFICATION NUMBER
Classification number
Item number चन्द्रभा
100 ## - MAIN ENTRY--PERSONAL NAME
Personal name चन्द्रभान राही
9 (RLIN) 61670
245 ## - TITLE STATEMENT
Title रोटी की कीमत :
Statement of responsibility, etc चन्द्रभान राही
Remainder of title कहानी संकलन /
246 ## - VARYING FORM OF TITLE
Title proper/short title Roti ki kimat : kahani sankalan /
Remainder of title by Chndrabhan Raahi
260 ## - PUBLICATION, DISTRIBUTION, ETC. (IMPRINT)
Place of publication, distribution, etc दिल्ली
Name of publisher, distributor, etc आधुनिक प्रकाशन
Date of publication, distribution, etc 2000
270 ## - ADDRESS
Address 4-B/6, गुरुद्वारा मोहल्ला, पूरी गली न. 7 मौजपुर घोंडा
City दिल्ली
Postal code 110053
300 ## - PHYSICAL DESCRIPTION
Extent 136पृ.
Dimensions 21सेमी(सजिल्द)
650 ## - SUBJECT ADDED ENTRY--TOPICAL TERM
Topical term or geographic name as entry element हिंदी साहित्य
9 (RLIN) 61671
650 ## - SUBJECT ADDED ENTRY--TOPICAL TERM
Topical term or geographic name as entry element हिंदी कहानियां
9 (RLIN) 2082
650 ## - SUBJECT ADDED ENTRY--TOPICAL TERM
Topical term or geographic name as entry element Hindi literature
9 (RLIN) 61672
650 ## - SUBJECT ADDED ENTRY--TOPICAL TERM
Topical term or geographic name as entry element Hindi stories
9 (RLIN) 61673
942 ## - ADDED ENTRY ELEMENTS (KOHA)
Source of classification or shelving scheme Dewey Decimal Classification
Koha item type Hindi Books
Classification part
Call number suffix चन्द्रभा
Holdings
Withdrawn status Lost status Damaged status Not for loan Home library Current library Date acquired Source of acquisition Cost, normal purchase price Total Checkouts Full call number Barcode Date last seen Copy number Cost, replacement price Price effective from Koha item type Public note
Written off       Central Library Central Library 20/08/2015 Cen Lib/Ref 125.00   क चन्द्रभा A-930269 20/08/2015 1 125.00 20/08/2015 Hindi Books Written off on approval by DLB (By Circulation); dtd 20.12.2022

© Delhi Public Library
Hit Counter
free hit counter